| 000 | 00459nam a22001457a 4500 | ||
|---|---|---|---|
| 003 | OSt | ||
| 005 | 20240403111250.0 | ||
| 008 | 240403b |||||||| |||| 00| 0 eng d | ||
| 040 | _cCentral Library MRSPTU | ||
| 100 | _aDr. Saroop Singh Alag | ||
| 245 | _aDhan Nanak Teri Vaddi Kamai (ਧਨੂ ਨਾਨਕ ਤੇਰੀ ਵਡੀ ਕਮਾਈ) | ||
| 260 |
_aLudhiana _bAlag Shabad Yug International Charitable Trust _c2018 |
||
| 300 | _a172 | ||
| 942 |
_2ddc _cBK _n0 |
||
| 999 |
_c9958 _d9958 |
||